Charlas TED : la guía oficial de TED para hablar en público /
Guardat en:
| Autor principal: | |
|---|---|
| Format: | Llibre |
| Idioma: | espanyol |
| Publicat: |
México :
Paidós,
2017, c2016
|
| Col·lecció: | (Paidós Empresa) [s.n.]
|
| Matèries: | |
| Etiquetes: |
Sense etiquetes, Sigues el primer a etiquetar aquest registre!
|
MARC
| LEADER | 00000nam^a2200000^a^4500 | ||
|---|---|---|---|
| 001 | 000399139 | ||
| 005 | 20250521000000.0 | ||
| 009 | 20260310121545.241 | ||
| 020 | |a 978-607-747-260-5 | ||
| 037 | |a Acervo ITESO - Biblioteca | ||
| 041 | |a ESP | ||
| 082 | |a 302. 22131 |b AND | ||
| 100 | |a Anderson, Chris |e (autor) | ||
| 245 | 1 | 0 | |a Charlas TED : |b la guía oficial de TED para hablar en público / |c C. Anderson ; tr. Juanjo Estrella. |
| 264 | 4 | |a México : |b Paidós, |c 2017, c2016 | |
| 300 | |a 327 p. | ||
| 336 | |a texto |b txt |2 rdacontenido | ||
| 337 | |a sin mediación |b n |2 rdamedio | ||
| 338 | |a volumen |b nc |2 rdasoporte | ||
| 440 | 1 | |a (Paidós Empresa) [s.n.] | |
| 500 | |a Traducción de: Ted Talks. The Official TED Guide to Public Speaking | ||
| 521 | |a FIL 2017 EEnlace Centro de Aprendizaje en Red | ||
| 649 | |a XX | ||
| 650 | |a Conferencias y el Arte de Disertar - |x Tema Principal | ||
| 650 | |a Oratoria - |x Técnica | ||
| 650 | |a Comunicación Oral | ||
| 650 | |a Comunicación No Verbal | ||
| 650 | |a Comunicación Verbal | ||
| 650 | |a Comunicación | ||
| 910 | |a Fondo General | ||
| 920 | |a Impresos - Libros | ||
| 930 | |a Colección General | ||
| 905 | |a 101 | ||
| 901 | |a 0500294396 |b IT1 |c ACC |i c157428 |u 20250521 | ||
| 902 | |a https://opac.biblio.iteso.mx/vufind/Record/000399139 | ||